000 00398nam a22001577a 4500
003 MPLRDC
005 20220104144420.0
008 210129b ||||| |||| 00| 0 eng d
082 _a738.6 CCH-3
100 _a陈昌豪主编
245 _a马来亚历史参考书
_c
260 _a
_b吉隆坡文化出版社
_c
300 _b
650 _a东南亚--马来西亚
942 _cBK
_o738.6 CCH-3
999 _c49386
_d49376